| 000 | 00781cam a2200241 4500 | ||
|---|---|---|---|
| 001 | ABS61427 | ||
| 008 | 000000n1999 000 0 eng u | ||
| 035 | _a(Sirsi) u100955 | ||
| 100 | _aEdwards, M. | ||
| 245 | _aConditions and control | ||
| 260 | _c1999 | ||
| 490 |
_aEstates Gazette _v(9937) 18 September 1999, 171(1) |
||
| 520 | _aA recent case "Davenport v Hammersmith & Fulham LBC" illustrates the wider powers of planning authorities to impose conditions on planning. | ||
| 590 | _aABS | ||
| 650 | _aPLANNING PERMISSION | ||
| 650 | _aPLANNING CONDITIONS | ||
| 650 | _aNEWBURY DC V SOS ENVIRONMENT | ||
| 650 | _aCONDITION NOTICE | ||
| 650 | _aDAVENPORT V HAMMERSMITH & FULHAM LBC | ||
| 690 | _aPLANNING LAW AND PRACTICE | ||
| 700 | _aMartin, J. | ||
| 942 | _n0 | ||
| 999 |
_c60257 _d60257 |
||